| 000 | 00762nam a22001337a 4500 | ||
|---|---|---|---|
| 040 | _cRUA | ||
| 082 | _aATM RIT 2010 B197 Or.1 | ||
| 100 | _aRITH, NARIN. | ||
| 245 | _astudy on susing pesticide on crops and its impacts on enviroment at saang district, dandal province (ការសិក្សាពីការប្រើប្រាស់ថ្នាំកសិកម្មលើដំណាំដាំដុះ និងផលប៉ះពាល់របស់វាទៅលើបរិស្ថាននៅស្រុកស្អាង ខេត្តកណ្តាល) | ||
| 260 |
_aPhnom Penh _bRUA _c2010 |
||
| 300 |
_ax, 52p. _bill. _c29cm. |
||
| 856 | _uhttps://drive.google.com/file/d/1ElqAVy-zNPKsptyqydJ6ryxidpgFSqTs/view?usp=sharing | ||
| 942 | _cATM | ||
| 999 |
_c4323 _d4323 |
||